| 000 | 00581cam a2200169Ki 4500 | ||
|---|---|---|---|
| 082 |
_a624.172 _bWOO _cD |
||
| 100 | 1 |
_aWoods, Richard John. _942801 |
|
| 245 | 1 | 0 |
_aStrength and elasticity of structural members _cby R.J. Woods. |
| 250 | _a2d ed., rev. | ||
| 260 |
_aLondon : _bE. Arnold, _c1906. |
||
| 300 | _a1 online resource (xi, 315 p.) | ||
| 526 |
_a0 _b0 _c0 _d624_172000000000000_WOO |
||
| 650 | 0 |
_aStrains and stresses. _928238 |
|
| 650 | 0 |
_aStructural analysis (Engineering) _9654 |
|
| 856 | 4 | 0 | _uhttp://catalog.hathitrust.org/api/volumes/oclc/18434542.html |
| 942 |
_2ddc _cBK |
||
| 999 |
_c546634 _d546634 |
||